Vplyv zdrojov financovania majetku na finančnú situáciu vybraného podniku diplomová práca

Guardado en:
Detalles Bibliográficos
Autor principal: Stuľaková, Nikola
Autor Corporativo: Podnikovohospodárska fakulta EU so sídlom v Košiciach. Katedra finančného riadenia podniku
Otros Autores: Manová, Eva, 1957-
Formato: Libro
Lenguaje:eslovaco
Publicado: Košice 2025
Etiquetas: Agregar Etiqueta
Sin Etiquetas, Sea el primero en etiquetar este registro!

MARC

LEADER 00000nbm a2200000 4500
001 0309044
005 20260210124506.2
041 0 |a slo 
044 |a SK 
245 1 0 |a Vplyv zdrojov financovania majetku na finančnú situáciu vybraného podniku  |b diplomová práca  |c Nikola Stuľaková ; školiteľ: Eva Manová 
264 1 |a Košice  |c 2025 
300 |a 70 s. 
100 1 |a Stuľaková, Nikola 
700 1 |a Manová, Eva, 1957- 
710 2 |a Podnikovohospodárska fakulta EU so sídlom v Košiciach. Katedra finančného riadenia podniku